| 000 | 00863cam5a220024100 4500 | ||
|---|---|---|---|
| 001 | qce00858011 | ||
| 005 | 20190826090959.0 | ||
| 008 | 740424s1973 sz b 000 0beng | ||
| 010 | _a 74162093 | ||
| 035 | _a(Sirsi) r103142 | ||
| 035 | _a(QCAT)lss00597905 | ||
| 035 | _a(UPRA)qce00858011 | ||
| 040 | _dUPRA | ||
| 050 | 0 | _aDC 36.98.T4 Smi 1973 | |
| 100 | 1 |
_aSmithson, Rulon Nephi. _6A60670.1 |
|
| 245 | 1 | 0 |
_aAugustin Thierry : _bSocial and political consciousness in the evolution of a historical method. |
| 260 |
_aGeneve : _bDroz, _c(1973) |
||
| 490 | 0 |
_aHistoire des idees et critique litteraire ; _v129 _6S597.1 |
|
| 504 | _aBibliography: p. [307-317]. | ||
| 600 | 1 | 0 |
_aThierry, Augustin, 1795-1856. _dThierry, Augustin, 1795-1856. _6S46902.1 |
| 949 |
_aDC 36.98.T4 Smi 1973 _wlcc _c 1 _i33729000069372 _mMAIN _p2500 _tBOOK _lON-SHELF |
||
| 004 | 103142 | ||
| 999 |
_c160010 _d160010 |
||